000 00568nam a2200169 i 4500
001 128701
003 ES-MaACL
005 20230906193338.0
007 t|
008 070523s1961 sp ||||1| spa d
100 1 _aTarragona, Eduardo.
_9109332
245 1 0 _aEspaña
_b: los siete y los seis : [conferencia pronunciada en la Cámara de Comercio de Madrid] /
_cEduardo Tarragona.
260 _aMadrid :
_b[s.n.],
_c1961.
300 _a23 p. ;
_c25 cm.
710 2 _aCámara Oficial de Comercio e Industria de Madrid.
_92363
852 _aES-MaACL
_j2028-F-7
_bR.48437
999 _c128701
_d128701